ঊনবিংশ শতাব্দীর সভাসমিতি / (Record no. 57562)
[ view plain ]
| 000 -LEADER | |
|---|---|
| fixed length control field | 01100nam a2200229 a 4500 |
| 001 - CONTROL NUMBER | |
| control field | 57562 |
| 003 - CONTROL NUMBER IDENTIFIER | |
| rucl marc code | BD-RjUL |
| 005 - DATE AND TIME OF LATEST TRANSACTION | |
| control field | 20211209080528.0 |
| 008 - FIXED-LENGTH DATA ELEMENTS--GENERAL INFORMATION | |
| fixed length control field | 161210s1987 ii ||||| |||| 00| 0 ben d |
| 035 ## - SYSTEM CONTROL NUMBER | |
| System control number | (BD-RjUL)57686 |
| 040 ## - CATALOGING SOURCE | |
| Original cataloging agency | BD-RjUL |
| Language of cataloging | ben |
| Transcribing agency | BD-RjUL |
| Modifying agency | BD-RjUL |
| 041 ## - LANGUAGE CODE | |
| Language code of text/sound track or separate title | ben |
| 082 ## - DEWEY DECIMAL CLASSIFICATION NUMBER | |
| Edition number | 23 |
| Classification number | 891.44095405 |
| Author mark and year | BHU 1987 |
| 100 ## - MAIN ENTRY--PERSONAL NAME | |
| Personal name | বন্দোপাধ্যায়, মনীন্দ্রনাথ |
| 9 (RLIN) | 170934 |
| 245 10 - TITLE STATEMENT | |
| Title | ঊনবিংশ শতাব্দীর সভাসমিতি / |
| Statement of responsibility, etc. | মনীন্দ্রনাথ বন্দোপাধ্যায় ও সন্তোস কুমার দে |
| 260 ## - PUBLICATION, DISTRIBUTION, ETC. (IMPRINT) | |
| Place of publication, distribution, etc. | কলিকাতা : |
| Name of publisher, distributor, etc. | দেজ পাবলিশিং, |
| Date of publication, distribution, etc. | ১৯৮৭. |
| 300 ## - PHYSICAL DESCRIPTION | |
| Pagination | ৫৬ পৃ. ; |
| Size | ২২ সেমি. |
| 650 ## - SUBJECT ADDED ENTRY--TOPICAL TERM | |
| Topical term or geographic name as entry element | বাংলা সাহিত্য |
| Geographic subdivision | ভারত |
| Form subdivision | ইতিহাস ও সমালোচনা |
| General subdivision | সাময়িকী |
| 9 (RLIN) | 170935 |
| Topical term or geographic name as entry element | Bengali literature |
| Geographic subdivision | India |
| Form subdivision | History and Criticism |
| General subdivision | Periodicals |
| 9 (RLIN) | 170936 |
| 700 ## - ADDED ENTRY--PERSONAL NAME | |
| Personal name | দে, সন্তোস কুমার |
| 942 ## - ADDED ENTRY ELEMENTS (KOHA) | |
| Source of classification or shelving scheme | Dewey Decimal Classification |
| Koha item type | Books |
| Lost status | Source of classification or shelving scheme | Damaged status | Not for loan | Collection code | Permanent Location | Current Location | Shelving location | Date acquired | Source of acquisition | Cost, normal purchase price | Total Checkouts | Full call number | Date last seen | Copy number | Koha item type |
|---|---|---|---|---|---|---|---|---|---|---|---|---|---|---|---|
| Dewey Decimal Classification | Not For Loan | Non-fiction | Central Library, University of Rajshahi | Central Library, University of Rajshahi | Reading Room | 22/04/1989 | Karim International | 5.00 | B 891.44095405 BHU 1987 | 10/12/2016 | C-1 | Books |